Loading...
| Science - Chemistry | 0 | 7 | 1 | 0 | 65 | 39 | 87.43 | 1 | 7 | 14.50 | 36.67 |
| Science - Other | 0 | 6 | 1 | 0 | 55 | 26 | 60.33 | 3 | 5 | 25.92 | 38.33 |
| Science - Biology | 0 | 5 | 1 | 1 | 45 | 61 | 82.20 | 2 | 4 | 9.84 | 25.00 |
| Fine Arts - Classical Music | 0 | 3 | 0 | 1 | 30 | 88 | 107.00 | 0 | 2 | 3.91 | 10.00 |
| Science - Physics | 0 | 4 | 3 | 2 | 25 | 47 | 88.00 | 1 | 3 | 9.54 | 19.58 |
| Religion | 0 | 1 | 0 | 1 | 10 | 125 | 125.00 | 0 | 0 | 0.79 | 1.67 |
| Current Events | 0 | 1 | 0 | 0 | 10 | 35 | 35.00 | 0 | 1 | 24.22 | 26.67 |
| Fine Arts - Other | 0 | 1 | 0 | 0 | 10 | 96 | 96.00 | 0 | 1 | 2.41 | 5.00 |
| History - American | 0 | 1 | 0 | 0 | 10 | 57 | 57.00 | 0 | 1 | 4.05 | 6.67 |
| Other Academic | 0 | 1 | 0 | 1 | 10 | 125 | 125.00 | 0 | 0 | 0.00 | 6.67 |
| Popular Culture | 0 | 1 | 0 | 0 | 10 | 14 | 14.00 | 1 | 1 | 22.35 | 25.00 |
| Social Science | 0 | 0 | 1 | 0 | -5 | 0.00 | 0 | 0 | 0.00 | 0.00 |